The effect of pellet and formulated feeds (Rice brand, fish meal, special animal feed) on growth of aristichthys cultured in hapa; ឥទ្ធិពលនៃការប្រើចំណីគ្រាប់ និងចំណីផ្សំ (កន្ទក់ម្សៅត្រី ចំណីសត្វពិសេស) ទៅលើការលូតលាស់របស់ត្រីកាបក្បាលធំនៅក្នុងហាប៉ា. (Record no. 4149)

000 -LEADER
fixed length control field 00872nam a22001577a 4500
003 - CONTROL NUMBER IDENTIFIER
control field OSt
005 - DATE AND TIME OF LATEST TRANSACTION
control field 20151207140106.0
008 - FIXED-LENGTH DATA ELEMENTS--GENERAL INFORMATION
fixed length control field 151207b xxu||||| |||| 00| 0 eng d
040 ## - CATALOGING SOURCE
Transcribing agency RUA
082 ## - DEWEY DECIMAL CLASSIFICATION NUMBER
Classification number FIS SRE 2005 B177 Or.1
100 ## - MAIN ENTRY--PERSONAL NAME
9 (RLIN) 4449
Personal name SREY SOMVICHET; ស្រី សមវិចិត្រ
245 ## - TITLE STATEMENT
Title The effect of pellet and formulated feeds (Rice brand, fish meal, special animal feed) on growth of aristichthys cultured in hapa; ឥទ្ធិពលនៃការប្រើចំណីគ្រាប់ និងចំណីផ្សំ (កន្ទក់ម្សៅត្រី ចំណីសត្វពិសេស) ទៅលើការលូតលាស់របស់ត្រីកាបក្បាលធំនៅក្នុងហាប៉ា.
260 ## - PUBLICATION, DISTRIBUTION, ETC. (IMPRINT)
Place of publication, distribution, etc. Phnom Penh
Name of publisher, distributor, etc. RUA
Date of publication, distribution, etc. 2005
300 ## - PHYSICAL DESCRIPTION
Extent x; 39p.
Other physical details ill.
Dimensions 29cm.
942 ## - ADDED ENTRY ELEMENTS (KOHA)
Source of classification or shelving scheme
Koha item type FIS
Holdings
Price effective from Date last seen Permanent Location Not for loan Date acquired Source of classification or shelving scheme Koha item type Lost status Withdrawn status Date last checked out Total Checkouts Shelving location Damaged status Barcode Current Location Full call number
2015-12-072022-01-25Library Block B 2015-12-07 FIS  2022-01-102B177 RUA011394Library Block BFIS SRE 2005 B177 Or.1
2015-12-072022-08-02Library Block B 2015-12-07 FIS  2022-07-011B177 RUA011037Library Block BFIS SRE 2005 B177 Or.2
2015-12-072018-11-27Library Block B 2015-12-07 FIS  2018-11-201B177 RUA011463Library Block BFIS SRE 2005 B177 Or.3
2015-12-072015-12-07Library Block B 2015-12-07 FIS    B177 RUA011180Library Block BFIS SRE 2005 B177 Or.4
2015-12-072020-02-18Library Block B 2015-12-07 FIS  2020-01-103B177 RUA011469Library Block BFIS SRE 2005 B177 Or.5
2016-02-042021-11-22Library Block B 2016-02-04 FIS  2021-11-082  RUA033969Library Block BFIS SRE 2005 B177 Or.6
មជ្ឈមណ្ឌលឯការនៃសាកលវិទ្យាល័យភូមិន្ទកសិកម្មចំការដូង

Powered by Koha